| 000 | 00588nam a2200193 a 4500 | ||
|---|---|---|---|
| 001 | 000016438 | ||
| 005 | 20240412074245.0 | ||
| 008 | 100305q196? dr 001 0 spa d | ||
| 040 | _aDO-SdBNP | ||
| 082 |
_aRD861.44 _bL961v |
||
| 100 | 1 |
_aLuna, Jorge Luis _936639 |
|
| 245 | 1 | 0 |
_aVersos a Dios versos al diablo / _cJorge Luis Luna. |
| 260 |
_aSanto Domingo : _bImpresos Fotografic, _c[196?]. |
||
| 300 |
_a98 p. ; _c22 cm. |
||
| 590 | _aInventariado, 2018/LP | ||
| 650 | 0 |
_aPoesÃa dominicana _966 |
|
| 650 | 0 |
_aLiteratura dominicana. _967 |
|
| 910 | _aValidado. Control de calidad EMS. | ||
| 999 |
_c15973 _d15973 |
||